| 000 | 01371cam a22003131i 4500 | ||
|---|---|---|---|
| 003 | SA-RiAUC | ||
| 005 | 20260420133837.0 | ||
| 008 | 260419s2003 ua g 000 0 ara c | ||
| 040 |
_aSA-RiKSU _bara _cSA-RiAUC _erda |
||
| 041 | 1 |
_aara _hund |
|
| 043 | _ama----- | ||
| 082 | 0 | 4 |
_a306.091751 _bز ج ب _qSA-RiAUC |
| 090 |
_a306.091751 _bز غ ب |
||
| 100 | 1 |
_aزغبي، جيمس ج. _q(جيمس جوزيف)، _d1945- _eمؤلف. |
|
| 245 | 1 | 0 |
_aبماذا يفكر العرب : _bقيمهم ومعتقداتهم واهتماتهم / _cجيمس ج. زغبي ؛ ترجمة مركز الخدمات الإعلامية. |
| 264 | 1 |
_aالقاهرة : _bمؤسسة الفكر العربي، _c2003 |
|
| 300 |
_a111 صفحة ؛ _c24 سم |
||
| 336 |
_aنص _btxt _2rdacontent _3كتاب |
||
| 337 |
_aبدون وسيط _bn _2rdamedia |
||
| 338 |
_aمجلد _bnc _2rdacarrier |
||
| 650 | 7 |
_aالثقافة العربية _2aucsh |
|
| 650 | 7 |
_aالقيم الاجتماعية _2aucsh |
|
| 651 | 7 |
_aالبلاد العربية _xسياسة ثقافية _2aucsh |
|
| 651 | 7 |
_aالبلاد العربية _xأحوال اجتماعية _2aucsh |
|
| 651 | 7 |
_aالبلاد العربية _xسياسة وحكومة _2aucsh |
|
| 710 | 2 |
_aمركز الخدمات الإعلامية (بريطانيا) _eمترجم. |
|
| 942 |
_2ddc _cBOOK _n0 |
||
| 949 |
_aSA-JeALM _d260419 _umohamedma123 _n1 |
||
| 999 |
_c14873 _d14873 |
||